00428nam a2200181Ia 4500003000400000005001700004008004100021020001800062040000700080041000800087082001700095100002900112245002100141250000700162260004700169300001700216365001300233OSt20230508115508.0210423s2012 xx 000 0 und d a9788131718674 cAL aeng a515 WEIM223 aWEIR (Maurice D);others. aThomas calculus. a11 aNew DelhibPearson Education Pvt Ltdc2012 axvi,1228bPB b799cINR